Islam me safai ka tasawar : Jamia rehnuma e taharat (Record no. 63349)

000 -LEADER
fixed length control field 00518nam a22001817a 4500
003 - CONTROL NUMBER IDENTIFIER
control field NUST - PNEC
005 - DATE AND TIME OF LATEST TRANSACTION
control field 20170116180810.0
008 - FIXED-LENGTH DATA ELEMENTS--GENERAL INFORMATION
fixed length control field 150428b xxu||||| |||| 00| 0 eng d
020 ## - INTERNATIONAL STANDARD BOOK NUMBER
International Standard Book Number 9789699110337
040 ## - CATALOGING SOURCE
Transcribing agency LIBRARY
082 ## - DEWEY DECIMAL CLASSIFICATION NUMBER
Classification number 297.2 RAM
100 ## - MAIN ENTRY--PERSONAL NAME
9 (RLIN) 3296
Personal name Ramzi, Kashcholar
245 ## - TITLE STATEMENT
Title Islam me safai ka tasawar : Jamia rehnuma e taharat
Statement of responsibility, etc. Ramzi Kashcholar
260 ## - PUBLICATION, DISTRIBUTION, ETC.
Place of publication, distribution, etc. Islamabad:
Name of publisher, distributor, etc. Harmony Publications,
300 ## - PHYSICAL DESCRIPTION
Extent 186 p. :
Dimensions 22 cm.
650 ## - SUBJECT ADDED ENTRY--TOPICAL TERM
9 (RLIN) 3297
Topical term or geographic name entry element Islam, Taharat
General subdivision General
942 ## - ADDED ENTRY ELEMENTS (KOHA)
Source of classification or shelving scheme
Koha item type Book
Holdings
Withdrawn status Lost status Source of classification or shelving scheme Damaged status Not for loan Permanent Location Current Location Shelving location Date acquired Source of acquisition Total Checkouts Full call number Barcode Date last seen Price effective from Koha item type
          Pakistan Navy Engineering College (PNEC) Pakistan Navy Engineering College (PNEC)   06/13/2013 Dte of Naval education   297.2 RAM PNECLIB-031445 04/28/2015 06/13/2013 Book
© 2023 Central Library, National University of Sciences and Technology. All Rights Reserved.